Aléatoire personnes indiennes - Statistiques

Statistiques générales
  • Ce quiz a été pris 6 fois
  • Le résultat moyen est 2 sur 9
Statistiques - réponses
Par images Réponse % Correct
A.V. Abdul Kalam
100%
Mukesh Ambani
100%
Salman Khan
100%
Indira Gandhi
50%
Amitabh Bachchan
33%
Jawalahral Nehru
33%
Nissankara Savitri
25%
Allah Rakha Rahman
0%
Bachendri Pal
0%
Bal Gangadhar Tilak
0%
Bhagat Singh
0%
Bhimrao Ramji Ambedkar
0%
Gurram Jashuva
0%
Homi Bhabha
0%
Hrithik Roshan
0%
Kalpana Chawla
0%
Kapil Dev
0%
Lata Mangeshkar
0%
Mary Kom
0%
Mohandas Gandhi
0%
M. S. Subbalakshmi
0%
Narendra Modi
0%
Pusarla Venkata Sindhu
0%
P. V. Narasimha Rao
0%
Rabindranath Tagore
0%
Rajendra Prasad
0%
Ram Nath Kovind
0%
Ratan Tata
0%
Sachin Tendulkar
0%
Sardar Vallabhbhai Patel
0%
Satyajit Ray
0%
Satya Nadella
0%
S. P. Balasubrahmanyam
0%
S. S. Rajamouli
0%
Subhash Chandra Bose
0%
Sunil Mittal
0%
Swami Vivekananda
0%
Teresa Bojaxhiu
0%
Viswanathan Anand
0%
Aucun quiz correspondant
Distribution des résultats
% des personnes avec chaque résultat
Percentile par nombre de réponses
Votre historique - résultats
Vous n’avez pas pris ce quiz